000 00866nam a2200193 a 4500
001 50752
005 20180714035928.0
008 140415s2003 mx 000 0 spa d
020 _a8480888393
041 _aspa
082 _a658.00285
_bBAR
100 1 _aBARRIO, LUIS DE
245 1 0 _aDEL BUSINESS AL E-BUSINESS EN TIEMPOS DE CRISIS :
_bCOMO APLICAR INTERNET PARA AUMENTARLA PRODUCTIVIDAD DE SU EMPRESA Y AHORRAR COSTOS
250 _a1a ed.
260 _aMEXICO :
_bGESTION 2000, S.A.,
_c2003
300 _a146
_c16.6 x 1 x 23
520 _aESTE LIBRO ES UN MARCO DE REFERENCIA SOBRE DONDE, COMO Y POR QUE APLICAR EL E-BUSINESS EN EL DÍA A DÍA DE CUALQUIER EMPRESA. CONCEPTOS PRCATICOS QUE LE MOSTRARAN UNA NUEVA FORMA DE HACER NEGOCIOS ,PARA QUE LO TRADICIONAL NO SEA SINÓNIMO DELO ABSOLETO.
650 1 4 _aPUBLICIDAD
_xCOMERCIO ELECTRONICO
999 _c50752
_d50752